| 000 | 00557nam a22001697a 4500 | ||
|---|---|---|---|
| 003 | PILC | ||
| 005 | 20150905100402.0 | ||
| 008 | 150603b xxu||||| |||| 00| 0 eng d | ||
| 020 | _a0882071742 | ||
| 050 |
_aBS 2556 _b.M478 1976 |
||
| 100 | _aMcDaniel, Elsiebeth. | ||
| 245 |
_aThere's more to teaching primaries : _ba hook for his coat and a card for his name / _cElsiebeth McDaniel. |
||
| 260 |
_aIllinois : _bVictor Books, _c1976. |
||
| 300 |
_a47 pages : _billustrations ; _c21 cm. |
||
| 650 | _aChristian education of children. | ||
| 942 |
_2lcc _cBK _kFOR |
||
| 999 |
_c284596 _d284596 |
||